Cada cosa en su tiempo (Record no. 173891)

MARC details
000 -LEADER
campo de control de longitud fija 00773nam a22001695i 4500
001 - NÚMERO DE CONTROL
campo de control 173891
003 - IDENTIFICADOR DE NÚMERO DE CONTROL
campo de control ES-MaACL
005 - FECHA Y HORA DE LA ÚLTIMA TRANSACCIÓN
campo de control 20240513211129.0
008 - DATOS DE LONGITUD FIJA--INFORMACIÓN GENERAL
campo de control de longitud fija 100128s1842 sp |||| | spa d
100 1# - ENTRADA PRINCIPAL--NOMBRE DE PERSONA
Nombre de persona Desnoyer, Charles.
9 (RLIN) 43910
245 10 - MENCIÓN DEL TÍTULO
Título Cada cosa en su tiempo
Resto del título : comedia en dos actos /
Mención de responsabilidad, etc. escrita en francés por Carlos Desnoyer ; y arreglada para el teatro español por Patricio de la Escosura.
260 ## - PUBLICACIÓN, DISTRIBUCIÓN, ETC.
Lugar de publicación, distribución, etc. Madrid :
Nombre del editor, distribuidor, etc. [s.n.],
Fecha de publicación, distribución, etc. 1842 (
Fabricante Imp. de Yenes)
300 ## - DESCRIPCIÓN FÍSICA
Extensión 52 p. ;
Dimensiones 17 cm.
700 1# - ENTRADA AGREGADA--NOMBRE PERSONAL
Nombre de persona Escosura, Patricio de la,
Fechas asociadas al nombre 1807-1878
9 (RLIN) 47617
852 ## - LOCALIZACIÓN
Ubicación ES-MaACL
Número de control de estantería F-8625(10)
Nota libre .- Enc. pasta española
condición física .- Falto de la cub. original
Nota libre .- Enc. en un vol. facticio formando parte de la col. facticia "Teatro español moderno", vol. 80
Holdings
Estatus retirado Estado de pérdida Estado de daño No para préstamo Colección Biblioteca de origen Biblioteca actual Ubicación en estantería Fecha de adquisición Fuente de adquisición Total de préstamos Signatura topográfica completa Código de barras Visto por última vez Precio de reemplazo Tipo de ítem Koha
        Libros del s. XIX Biblioteca del Ateneo de Madrid Biblioteca del Ateneo de Madrid Sala Pecera Planta 2 28/01/2010     F-8625(10) 1182529 23/02/2023 23/02/2023 Libro impreso antiguo